| 000 | 00975nam0a22002771 4500 | ||
|---|---|---|---|
| 001 | v19\rc\1601145 | ||
| 005 | 20260406161009.0 | ||
| 035 | _a(NLR Aleph) 004723504 | ||
| 090 |
_a4365296 _c4365296 |
||
| 100 | _a20061002d1896 |||y0rusy50 ca | ||
| 101 | 0 | _arus | |
| 102 | _aRU | ||
| 105 | _aac z ||||| | ||
| 200 | 1 |
_aКоронование русских государей _fСост. С.Д. (Авт. брош. "Памяти царя-праведника") |
|
| 210 |
_aСанкт-Петербург _cН.С. Аскарханов _d1896 |
||
| 215 |
_a26 с., 3 л. ил. _cпортр., ил. _d22 |
||
| 702 | 0 |
_4070 _8rus _7ca _aАлександр _cимператор российский _dIII _f1845-1894 _3RU\NLR\AUTH\778634 _9118533 |
|
| 702 | 0 |
_aС. Д. _4220 |
|
| 801 | 0 |
_aRU _bNLR _gpsbo |
|
| 801 | 0 |
_aRU _bRuMoRGB _2psbo |
|
| 801 | 1 |
_aRU _bProSoft-M _2rusmarc |
|
| 852 |
_aNLR _j20.95.5.198 |
||
| 899 |
_aRuMoRGB _jA 213/1071 |
||
| 899 | _aГПИБ | ||
| 942 | _cBOOK | ||
| 980 | _aNB | ||